|
|
|
|
| LEADER |
00000nam0a2200000 4500 |
| 001 |
163876 |
| 005 |
20231101222430.0 |
| 010 |
|
|
|a 5910190216
|
| 035 |
|
|
|a (RuTPU)RU\TPU\book\177791
|
| 090 |
|
|
|a 163876
|
| 100 |
|
|
|a 20090824d2009 m y0rusy50 ca
|
| 101 |
0 |
|
|a rus
|
| 102 |
|
|
|a RU
|
| 105 |
|
|
|a a j 000zy
|
| 200 |
1 |
|
|a Пожарная тактика. Основы тушения пожаров
|e учебное пособие
|f В. В. Теребнев, А. В. Подгрушный
|g под ред. М. М. Верзилина
|
| 210 |
|
|
|a Москва
|c Пожнаука
|d 2009
|
| 215 |
|
|
|a 512 с.
|c ил.
|
| 330 |
|
|
|a В настоящем издании рассмотрены: динамика развития пожаров в ограждениях и открытом пространстве, зоны на пожаре и основные процессы его сопровождающие, характерные схемы развития пожаров, тактико-технические действия пожарных подразделений на пожарах. Описана система управления силами и средствами на тушении пожаров.
|
| 606 |
1 |
|
|a Пожарная тактика
|2 stltpush
|3 (RuTPU)RU\TPU\subj\49936
|9 68696
|
| 610 |
1 |
|
|a пожары
|
| 610 |
1 |
|
|a параметры
|
| 610 |
1 |
|
|a закрытые помещения
|
| 610 |
1 |
|
|a открытые пространства
|
| 610 |
1 |
|
|a транспортные средства
|
| 610 |
1 |
|
|a опасные объекты
|
| 610 |
1 |
|
|a тушение
|
| 610 |
1 |
|
|a спасательные работы
|
| 610 |
1 |
|
|a огнетушащие средства
|
| 610 |
1 |
|
|a горение
|
| 610 |
1 |
|
|a пожарные подразделения
|
| 610 |
1 |
|
|a управление
|
| 610 |
1 |
|
|a учебные пособия
|
| 610 |
1 |
|
|a чрезвычайные ситуации
|
| 610 |
1 |
|
|a пожарная охрана
|
| 675 |
|
|
|a 614.842.6(075.8)
|v 3
|
| 700 |
|
1 |
|a Теребнев
|b В. В.
|g Владимир Васильевич
|
| 701 |
|
1 |
|a Подгрушный
|b А. В.
|g Александр Васильевич
|
| 702 |
|
1 |
|a Верзилин
|b М. М.
|4 340
|
| 801 |
|
1 |
|a RU
|b 63413507
|c 20090824
|
| 801 |
|
2 |
|a RU
|b 63413507
|c 20150529
|g RCR
|
| 900 |
|
|
|a Тактика сил РСЧС и ГО
|
| 900 |
|
|
|a Организация и ведение аварийно-спасательных работ
|
| 900 |
|
|
|a Пожаровзрывозащита
|
| 942 |
|
|
|c BK
|
| 953 |
|
|
|b 280103
|
| 959 |
|
|
|a 86/20090824
|d 2
|e 0
|f АНЛ:1
|f ЧЗТЛ:1
|